000 00959cam0a220021700 4500
001 tmp15392882
003 UPRA
005 20190830121000.0
008 950803s1964 be eng u
035 _a(Sirsi) r29292
035 _a(UPRA)tmp15392882
040 _cUPRA
100 1 _aTrewavas, Ethelwynn.
_6A93653.1
245 1 2 _aA revision of the genus Serranochromis Regan (Pisces, Cichlidae).
260 _aTervuren,
_c1964.
490 1 _aMusee Royal de l'Afrique. Annales. Ser. in-8 , Sciences zoologiques ;
_vno. 125
504 _aBibliography: p. 56-58.
810 2 _aMusee Royal de l'Afrique. Annales. Ser. in-8 , Sciences zoologiques ;
_tMusee Royal de l'Afrique. Annales. Ser. in-8 , Sciences zoologiques ;
_nMusee Royal de l'Afrique. Annales. Ser. in-8 , Sciences zoologiques ;
_pMusee Royal de l'Afrique. Annales. Ser. in-8 , Sciences zoologiques ;
_vno. 125
_6S14174.1
949 _aDT641.M8
_wlcc
_i-31984
_mMAIN
_tBOOK
_lON-SHELF
004 29292
999 _c196620
_d196620